NYC N Train Subway Stations (Harder Version) - Statistics

General Stats
  • This quiz has been taken 29 times
  • The average score is 22 of 28
Answer Stats
Borough Neighborhood Station Transfers % Correct
Brooklyn Coney Island Coney Island–Stillwell Avenue D, F, Q
100%
Manhattan Union Square 14th Street–Union Square Q, R, W, L, 4, 5, 6
89%
Brooklyn Sunset Park 36th Street D, R
89%
Brooklyn Downtown Atlantic Avenue–Barclays Center D, R, B, Q, 2, 3, 4, 5
89%
Manhattan Chinatown Canal Street Q, R, W, 6, J
89%
Manhattan Times Square Times Square–42nd Street S, Q, R, W, 1, 2, 3, 7
89%
Manhattan Midtown 34th Street–Herald Square B, D, F, M, Q, R, W
83%
Brooklyn Sunset Park 59th Street R
83%
Brooklyn Borough Park 62nd Street/New Utrecht Avenue D
83%
Manhattan Midtown Fifth Avenue–59th Street R, W
83%
Brooklyn Gravesend Kings Highway
83%
Manhattan Midtown Lexington Avenue/59th Street R, W, 4, 5, 6
83%
Manhattan Midtown 49th Street R, W
78%
Manhattan Midtown 57th Street–Seventh Avenue Q, R, W
78%
Brooklyn Bensonhurst Bay Parkway
78%
Brooklyn Borough Park Fort Hamilton Parkway
78%
Queens Long Island City Queensboro Plaza 7, W
78%
Brooklyn Bensonhurst 20th Avenue
72%
Queens Astoria 30th Avenue W
72%
Queens Astoria 36th Avenue W
72%
Queens Astoria Astoria Boulevard W
72%
Queens Astoria Broadway W
72%
Brooklyn Sunset Park Eighth Avenue
72%
Brooklyn Bensonhurst 18th Avenue
67%
Queens Long Island City 39th Avenue W
67%
Brooklyn Gravesend 86th Street
67%
Queens Astoria Astoria–Ditmars Boulevard W
67%
Brooklyn Gravesend Avenue U
61%
No matching quizzes found
Score Distribution
Percent of People with Each Score
Percentile by Number Answered
Your Score History
You have not taken this quiz